Fluent bodies : (Record no. 127110)

MARC details
000 -LEADER
fixed length control field 00768nam a22002297a 4500
005 - DATE AND TIME OF LATEST TRANSACTION
control field 20170124110020.0
010 ## - LIBRARY OF CONGRESS CONTROL NUMBER
LC control number B-129891
020 ## - INTERNATIONAL STANDARD BOOK NUMBER
Terms of availability 625.00
International Standard Book Number 9780195670592
035 ## - SYSTEM CONTROL NUMBER
System control number B-129891
037 ## - SOURCE OF ACQUISITION
Source of stock number/acquisition Cen Lib/Ret
040 ## - CATALOGING SOURCE
Original cataloging agency DPL
Language of cataloging EN
082 ## - DEWEY DECIMAL CLASSIFICATION NUMBER
Classification number 615.53
Item number LAN
100 ## - MAIN ENTRY--PERSONAL NAME
Personal name Langford, Jean M.
9 (RLIN) 19437
245 ## - TITLE STATEMENT
Title Fluent bodies :
Statement of responsibility, etc by Jean M.Langford
Remainder of title ayurvedic remedies for postcolonial imbalance /
260 ## - PUBLICATION, DISTRIBUTION, ETC. (IMPRINT)
Place of publication, distribution, etc New Delhi
Name of publisher, distributor, etc Oxford university press
Date of publication, distribution, etc 2002
270 ## - ADDRESS
Address YMCA library building Jai Singh road
City New Delhi
Postal code 110001
300 ## - PHYSICAL DESCRIPTION
Extent x,311p.
Dimensions 21cm(Hb)
500 ## - GENERAL NOTE
General note Includes bibliographical reference and index
650 ## - SUBJECT ADDED ENTRY--TOPICAL TERM
Topical term or geographic name as entry element Traditional medicine
9 (RLIN) 19438
650 ## - SUBJECT ADDED ENTRY--TOPICAL TERM
Topical term or geographic name as entry element Medicine, Ayurvedic
9 (RLIN) 19439
942 ## - ADDED ENTRY ELEMENTS (KOHA)
Source of classification or shelving scheme Dewey Decimal Classification
Koha item type English Books
Classification part 615.53
Call number suffix LAN
Holdings
Withdrawn status Lost status Damaged status Not for loan Home library Current library Date acquired Source of acquisition Cost, normal purchase price Total Checkouts Full call number Barcode Date last seen Copy number Cost, replacement price Price effective from Koha item type Public note
Written off       Central Library Central Library 27/06/2015 Cen Lib/Ret 625.00   615.53 LAN B-129891 27/06/2015 1 625.00 27/06/2015 English Books Written off on approval by DLB (By Circulation); dtd 15-06-2023

© Delhi Public Library
Hit Counter
free hit counter